LEADER 00971nam0-22003251i-450- 001 990007913870403321 005 20050714095250.0 010 $a3-16-145349-2 035 $a000791387 035 $aFED01000791387 035 $a(Aleph)000791387FED01 035 $a000791387 100 $a20040908d1988----km-y0itay50------ba 101 0 $aeng 102 $aDE 105 $ay-------001yy 200 1 $a<>death of Jesus$etradition and interpretation in the passion narrative$fby Joel B. Green 210 $aTübingen$cJ.C.B. Mohr$d1988 215 $aXVI, 351 p.$d24 cm 225 1 $aWissenschaftliche Untersuchungen zum Neuen Testament$h2. Reihe$v33 610 0 $aGESU CRISTO$aPassione 676 $a232.96$v21$zita 700 1$aGreen,$bJoel B.$0284339 801 0$aIT$bUNINA$gRICA$2UNIMARC 901 $aBK 912 $a990007913870403321 952 $a232.96 GRE 1$bBibl. 40945$fFLFBC 959 $aFLFBC 996 $aDeath of Jesus$9669725 997 $aUNINA LEADER 00952cam0-2200325---450 001 990005730430403321 005 20260402093338.0 035 $a000573043 035 $aFED01000573043 035 $a(Aleph)000573043FED01 100 $a19990604d1955----km-y1itay50------ba 101 0 $aita$alat 102 $aIT 105 $ay-------001yy 200 1 $aDal "Declarus" di A. Senisio$ei vocaboli siciliani$fa cura di A. Marinoni 210 $aPalermo$c[s.n.]$d1955 215 $aXLI, 281 p.$d22 cm 610 0 $aSenesio, Angelo$aDeclaro$aStudio critico 610 0 $aDialetti siciliani$aLessico 676 $a457.8$v22$zita 700 1$aMarinoni,$bA.$0201619 801 0$aIT$bUNINA$gREICAT$2UNIMARC 901 $aBK 912 $a990005730430403321 952 $aBIB. BAT.3528$b4312$fBAT 952 $a457.8033 MARI 01$bIst.Glott. 501$fFLFBC 959 $aFLFBC 959 $aBAT 996 $aDal "Declarus" di A. Senisio$9573206 997 $aUNINA